| 000 | nam a22 4500 | ||
|---|---|---|---|
| 999 |
_c9138 _d9138 |
||
| 008 | 180412b ||||| |||| 00| 0 eng d | ||
| 100 |
_927319 _aArado, Jennie P. |
||
| 245 |
_aBagobo Tagabawa tribe develops ancestral land/ _cJennie P. Arado |
||
| 260 |
_aDavao City _bSun Star Davao _cc2017 |
||
| 300 | _apage 10. | ||
| 650 | 0 |
_927320 _aNative peoples. |
|
| 942 |
_2ddc _cPER |
||